[Event "Copenhagen Cand op"]
[Site "Copenhagen"]
[Date "2013.04.26"]
[Round "4"]
[White "Skousen, Nikolai"]
[Black "Hansen, Mads"]
[Result "1/2-1/2"]
[WhiteElo "2192"]
[BlackElo "2301"]
[PlyCount "89"]
[EventDate "2013.04.24"]
[EventType "swiss"]
[EventRounds "9"]
[EventCountry "DEN"]
[SourceTitle "EXT 2015"]
[Source "ChessBase"]
[SourceDate "2014.11.20"]
[SourceVersion "1"]
[SourceVersionDate "2014.11.20"]
[SourceQuality "1"]

1. c4 Nf6 2. Nc3 e6 3. Nf3 d5 4. e3 Nbd7 5. b3 c6 6. Bb2 Bd6 7. Be2 Qe7 8. d4 b6 9. 0-0 Bb7 10. Qc2 0-0 11. e4 Nxe4 12. Nxe4 dxe4 13. Qxe4 f5 14. Qc2 c5 15. Rad1 cxd4 16. Rxd4 e5 17. Rd2 e4 18. Nd4 e3 19. fxe3 Qxe3+ 20. Rf2 Bxh2+ 21. Kf1 Bg3 22. Bf3 Be4 23. Qd1 Nc5 24. Bc1 Bd3+ 25. Kg1 Rae8 26. Bd5+ Kh8 27. Nf3 Rf6 28. Rb2 Bxf2+ 29. Rxf2 Be2 30. Qe1 Qd3 31. b4 Nd7 32. Bb2 Rff8 33. Qa1 Re7 34. Nd4 Nf6 35. Nxf5 Rd7 36. Nxg7 Kxg7 37. Rxf6 Rxf6 38. Bxf6+ Kg6 39. Qe5 Rxd5 40. cxd5 Qb1+ 41. Kh2 Qf5 42. Qxe2 Kxf6 43. Qd2 Qe5+ 44. Kg1 Ke7 45. Kf2 1/2-1/2

[Event "Copenhagen Challenge"]
[Site "Ballerup"]
[Date "2013.04.25"]
[Round "2"]
[White "Skousen, Nikolai"]
[Black "Frank Nielsen, Marie"]
[Result "1-0"]
[WhiteElo "2192"]
[BlackElo "1984"]
[PlyCount "75"]
[EventDate "2013.04.24"]
[EventType "swiss"]
[EventRounds "9"]
[EventCountry "DEN"]
[SourceTitle "CBM 154 Extra"]
[Source "ChessBase"]
[SourceDate "2013.06.25"]
[SourceVersion "2"]
[SourceVersionDate "2013.06.25"]
[SourceQuality "1"]

1. d4 Nf6 2. c4 g6 3. Nc3 Bg7 4. e4 d6 5. f3 0-0 6. Be3 e5 7. Nge2 Nc6 8. d5 Ne7 9. h4 Nh5 10. g4 Nf4 11. Nxf4 exf4 12. Bd4 f6 13. c5 Re8 14. Be2 dxc5 15. Bxc5 b6 16. Ba3 f5 17. Qb3 Kh8 18. 0-0-0 Bd7 19. g5 h5 20. gxh6 Bxh6 21. e5 Ng8 22. e6 Bc8 23. Bb5 Re7 24. Kb1 Rh7 25. Bc6 Rb8 26. d6 Qf6 27. d7 Ba6 28. Rhe1 Bf8 29. Nd5 Qd8 30. Qa4 b5 31. Qd4+ Bg7 32. Qxf4 b4 33. Nxb4 Qf6 34. e7 Rxh4 35. Qxh4+ Qxh4 36. Rh1 Rxb4 37. Bxb4 Bd3+ 38. Ka1 1-0

[Event "DEN-chT 1213"]
[Site "Denmark"]
[Date "2013.01.27"]
[Round "6.3"]
[White "Skousen, Nikolai"]
[Black "Christensen, Tobias"]
[Result "0-1"]
[WhiteElo "2198"]
[BlackElo "2362"]
[PlyCount "156"]
[EventDate "2012.10.27"]
[EventType "team-tourn"]
[EventRounds "9"]
[EventCountry "DEN"]
[SourceTitle "EXT 2023"]
[Source "ChessBase"]
[SourceDate "2022.10.05"]
[SourceVersion "1"]
[SourceVersionDate "2022.10.05"]
[SourceQuality "1"]
[WhiteTeam "Obro"]
[BlackTeam "Aarhus/Skolerne"]
[WhiteTeamCountry "DEN"]
[BlackTeamCountry "DEN"]

1. c4 c5 2. g3 Nc6 3. Bg2 Nf6 4. Nf3 d5 5. cxd5 Nxd5 6. 0-0 e6 7. Nc3 Be7 8. d4 0-0 9. e4 Nb6 10. dxc5 Bxc5 11. Qe2 e5 12. Rd1 Bd7 13. Be3 Bxe3 14. Qxe3 f6 15. h3 Rc8 16. Nb5 Kh8 17. Nd6 Rb8 18. Bf1 Qe7 19. Nb5 Nc8 20. a3 Be6 21. Nc3 Qf7 22. b4 Nb6 23. Nb5 Nc8 24. Nd6 Qc7 25. Nb5 Qe7 26. Nc3 Qf7 27. Nd5 a6 28. Rac1 N8e7 29. Nxe7 Qxe7 30. Qb6 Rfd8 31. Kh2 Rxd1 32. Rxd1 Rd8 33. Rxd8+ Nxd8 34. Ne1 Nf7 35. Qe3 Nd6 36. Qc5 Qd7 37. Bg2 g6 38. Nc2 Kg7 39. Ne3 Nb5 40. a4 Nd4 41. Nd5 g5 42. Nb6 Qf7 43. Nd5 h5 44. b5 axb5 45. axb5 Bd7 46. b6 Bc6 47. Qd6 h4 48. g4 Nb5 49. Qd8 Qf8 50. Qxf8+ Kxf8 51. Nxf6 Kg7 52. Nd5 Bxd5 53. exd5 Kf6 54. Bf1 Nd6 55. f3 e4 56. fxe4 Nxe4 57. Bg2 Nd6 58. Kg1 Ke5 59. Kf2 Nc4 60. d6 Nxd6 61. Ke3 Nc4+ 62. Kf2 Nxb6 63. Bxb7 Nd5 64. Ba6 Kf4 65. Bf1 Ne3 66. Be2 Nc2 67. Bd3 Nb4 68. Bf1 Nd5 69. Bd3 Ke5 70. Bf1 Kd4 71. Kf3 Nf4 72. Kf2 Ke4 73. Kg1 Kf3 74. Kh2 Ne6 75. Bc4 Nd4 76. Kg1 Kg3 77. Bf1 Ne6 78. Kh1 Nf4 0-1